[Event "CHN-ch Rapid/Blitz 4th"]
[Site "Shaoxing"]
[Date "2025.07.13"]
[Round "1.1"]
[White "Xiao, Tong"]
[Black "Wang, Shixu B"]
[Result "1-0"]
[WhiteElo "2520"]
[BlackElo "2452"]
[PlyCount "95"]
[EventDate "2025.07.13"]
[EventType "k.o. (rapid)"]
[EventRounds "5"]
[EventCountry "CHN"]
[SourceTitle "CB29_2025"]
[SourceDate "2025.07.16"]
[SourceVersion "1"]
[SourceVersionDate "2025.07.16"]
[SourceQuality "1"]

1. e4 c5 2. Nf3 d6 3. Bb5+ Bd7 4. Bxd7+ Nxd7 5. Qe2 e6 6. 0-0 Be7 7. d4 cxd4 8. Nxd4 Ngf6 9. b3 0-0 10. Bb2 Nc5 11. Nd2 d5 12. exd5 Nxd5 13. N2f3 Bf6 14. Rad1 Qb6 15. Ne5 Nf4 16. Qe3 Nd5 17. Qg3 Ne4 18. Qf3 Bxe5 19. Qxe4 Bf6 20. Rd3 Rfd8 21. a3 Qc7 22. Rf3 Qd7 23. Rd1 e5 24. Nf5 Nc3 25. Rxd7 Nxe4 26. Rfd3 Rxd7 27. Rxd7 Rc8 28. Rxb7 h5 29. Ne3 Bg5 30. Nc4 Rd8 31. g3 f6 32. h4 Bc1 33. Bxc1 Rd1+ 34. Kg2 Rxc1 35. Ne3 Re1 36. Rxa7 g6 37. Rd7 f5 38. Kf3 Ra1 39. a4 Nf6 40. Re7 Ng4 41. Nxg4 hxg4+ 42. Ke2 Rc1 43. Rxe5 Rxc2+ 44. Kf1 Kg7 45. a5 Kf6 46. Rb5 Ra2 47. b4 Ra1+ 48. Kg2 1-0

[Event "CHN-ch"]
[Site "Xinghua"]
[Date "2025.07.02"]
[Round "10"]
[White "Gong, Sunle"]
[Black "Xiao, Tong"]
[Result "0-1"]
[WhiteElo "2347"]
[BlackElo "2520"]
[PlyCount "62"]
[EventDate "2025.06.23"]
[EventType "swiss"]
[EventRounds "11"]
[EventCountry "CHN"]
[SourceTitle "CB28_2025"]
[SourceDate "2025.07.09"]
[SourceVersion "1"]
[SourceVersionDate "2025.07.09"]
[SourceQuality "1"]

1. d4 Nf6 2. Nf3 e6 3. Bf4 d5 4. e3 c5 5. Be2 Nc6 6. 0-0 h6 7. h3 a6 8. c3 Bd6 9. Ne5 Qc7 10. Qa4 c4 11. Nxc6 Bxf4 12. exf4 bxc6 13. b3 cxb3 14. axb3 Bd7 15. g3 g5 16. fxg5 hxg5 17. Kg2 e5 18. Rh1 Ne4 19. Bf3 f5 20. Bxe4 fxe4 21. Nd2 0-0 22. Qa5 Qxa5 23. Rxa5 exd4 24. cxd4 Rf6 25. Nf1 Raf8 26. Ra2 c5 27. Ne3 cxd4 28. Nxd5 Rd6 29. Nb4 d3 30. Rxa6 Rxa6 31. Nxa6 e3 0-1

[Event "CHN-ch"]
[Site "Xinghua"]
[Date "2025.07.01"]
[Round "9"]
[White "Xiao, Tong"]
[Black "Liu, Yan"]
[Result "1/2-1/2"]
[WhiteElo "2520"]
[BlackElo "2536"]
[PlyCount "83"]
[EventDate "2025.06.23"]
[EventType "swiss"]
[EventRounds "11"]
[EventCountry "CHN"]
[SourceTitle "CB28_2025"]
[SourceDate "2025.07.09"]
[SourceVersion "1"]
[SourceVersionDate "2025.07.09"]
[SourceQuality "1"]

1. e4 c5 2. Nf3 Nc6 3. d4 cxd4 4. Nxd4 Nf6 5. Nc3 e5 6. Ndb5 d6 7. Nd5 Nxd5 8. exd5 Nb8 9. g4 Be7 10. Rg1 Nd7 11. Be3 a6 12. Nc3 b5 13. Ne4 0-0 14. Qd2 Nf6 15. Nxf6+ Bxf6 16. g5 Be7 17. 0-0-0 Bf5 18. h4 Rc8 19. Bd3 Qd7 20. h5 Bg4 21. h6 g6 22. Rde1 f5 23. gxf6 Bxf6 24. Kb1 Bf5 25. Qb4 e4 26. Bxe4 Rc4 27. Bxf5 Qxf5 28. Qb3 Re8 29. Bc1 Rxe1 30. Rxe1 Qxf2 31. Re8+ Kf7 32. Rb8 Re4 33. Rb7+ Be7 34. Qd3 Re1 35. Qc3 Qf1 36. Qg7+ Ke8 37. Qg8+ Bf8 38. b3 Rxc1+ 39. Kb2 Rxc2+ 40. Kxc2 Qe2+ 41. Kc3 Qe3+ 42. Kc2 1/2-1/2

[Event "CHN-ch"]
[Site "Xinghua"]
[Date "2025.06.25"]
[Round "3"]
[White "Xiao, Tong"]
[Black "Li, Shilong"]
[Result "1-0"]
[WhiteElo "2520"]
[BlackElo "2393"]
[PlyCount "85"]
[EventDate "2025.06.23"]
[EventType "swiss"]
[EventRounds "11"]
[EventCountry "CHN"]
[SourceTitle "CB28_2025"]
[SourceDate "2025.07.09"]
[SourceVersion "1"]
[SourceVersionDate "2025.07.09"]
[SourceQuality "1"]

1. e4 e6 2. d4 d5 3. Nc3 Bb4 4. e5 c5 5. a3 Ba5 6. Bd2 Nc6 7. dxc5 Nxe5 8. Nb5 Bxd2+ 9. Qxd2 f6 10. Nf3 Nf7 11. c4 Ne7 12. cxd5 exd5 13. Nbd4 0-0 14. Bb5 b6 15. b4 bxc5 16. bxc5 Qc7 17. Rc1 Ne5 18. 0-0 Rb8 19. a4 Rd8 20. Qc3 Bg4 21. Nd2 Bc8 22. Rfd1 a6 23. Be2 N7c6 24. N2b3 Nb4 25. Rb1 Bg4 26. f3 Bd7 27. Nc1 Nbc6 28. Rxb8 Nxb8 29. Ncb3 Rc8 30. a5 Ba4 31. Rc1 Nbc6 32. Bxa6 Ra8 33. Bf1 Nxa5 34. Nxa5 Rxa5 35. c6 Ra8 36. Qc5 Nf7 37. Ra1 Nd8 38. Bb5 Qe5 39. Nc2 Ne6 40. Qe3 Qxe3+ 41. Nxe3 d4 42. Rxa4 Rb8 43. Nf5 1-0

[Event "Sharjah Masters-A 8th"]
[Site "Sharjah"]
[Date "2025.05.17"]
[Round "1"]
[White "Xiao, Tong"]
[Black "Bai, Jinshi"]
[Result "1/2-1/2"]
[WhiteElo "2493"]
[BlackElo "2572"]
[PlyCount "61"]
[EventDate "2025.05.17"]
[EventType "swiss"]
[EventRounds "9"]
[EventCountry "UAE"]
[SourceTitle "CB22_2025"]
[SourceDate "2025.05.28"]
[SourceVersion "1"]
[SourceVersionDate "2025.05.28"]
[SourceQuality "1"]

1. e4 e5 2. Nf3 Nc6 3. Nc3 Nf6 4. d4 exd4 5. Nxd4 Bb4 6. Nxc6 bxc6 7. Bd3 d5 8. Bd2 0-0 9. 0-0 Bxc3 10. Bxc3 dxe4 11. Bxf6 Qxf6 12. Bxe4 Qxb2 13. Bxc6 Rb8 14. Rb1 Qxb1 15. Qxb1 Rxb1 16. Rxb1 Rd8 17. Bf3 Kf8 18. Rb8 Re8 19. h4 Ba6 20. Rb3 Be2 21. Bxe2 Rxe2 22. Rc3 Re4 23. g3 Ra4 24. Rxc7 Rxa2 25. c4 a5 26. c5 a4 27. Ra7 Rc2 28. Rxa4 Rc1+ 29. Kg2 Rxc5 30. Ra8+ Ke7 31. Ra7+ 1/2-1/2

[Event "CHN-chT"]
[Site "Hebei"]
[Date "2025.05.03"]
[Round "9.3"]
[White "Xiao, Tong"]
[Black "Yang, Zilong"]
[Result "1-0"]
[WhiteElo "2496"]
[BlackElo "2337"]
[PlyCount "91"]
[EventDate "2025.04.25"]
[EventType "team-swiss"]
[EventRounds "9"]
[EventCountry "CHN"]
[SourceTitle "CB20_2025"]
[SourceDate "2025.05.14"]
[SourceVersion "1"]
[SourceVersionDate "2025.05.14"]
[SourceQuality "1"]
[WhiteTeam "Shandong"]
[BlackTeam "Jiangsu"]
[WhiteTeamCountry "CHN"]
[BlackTeamCountry "CHN"]

1. e4 c5 2. Nf3 e6 3. d4 cxd4 4. Nxd4 Nc6 5. Nc3 Qc7 6. Be3 a6 7. Bd3 Nf6 8. Qe2 b5 9. Nxc6 dxc6 10. a4 b4 11. Nb1 a5 12. f4 Be7 13. Nd2 e5 14. f5 Nd7 15. Qf2 Bb7 16. g4 h6 17. h4 c5 18. 0-0-0 0-0-0 19. b3 Nf6 20. Qe2 h5 21. g5 Ng4 22. Ba6 Kb8 23. Bxb7 Qxb7 24. Rhe1 Rd4 25. Bxd4 cxd4 26. Nc4 Qc7 27. Rg1 f6 28. Rxg4 hxg4 29. Qxg4 Rc8 30. Qh5 Qb7 31. Qf7 Rc7 32. Qg8+ Rc8 33. Qe6 Rc5 34. h5 fxg5 35. Nxe5 Ka8 36. Nd7 Rc7 37. Rxd4 Bc5 38. Rd5 Be3+ 39. Kb1 Qc6 40. Rxa5+ Kb7 41. Rb5+ Ka7 42. Qxc6 Rxc6 43. Ne5 Rd6 44. Rd5 Rxd5 45. exd5 Bc5 46. Kc1 1-0

[Event "CHN-chT"]
[Site "Hebei"]
[Date "2025.04.29"]
[Round "5.3"]
[White "Xiao, Tong"]
[Black "Peng, Hongchi"]
[Result "1-0"]
[WhiteElo "2496"]
[BlackElo "2419"]
[PlyCount "81"]
[EventDate "2025.04.25"]
[EventType "team-swiss"]
[EventRounds "9"]
[EventCountry "CHN"]
[SourceTitle "CB20_2025"]
[SourceDate "2025.05.14"]
[SourceVersion "1"]
[SourceVersionDate "2025.05.14"]
[SourceQuality "1"]
[WhiteTeam "Shandong"]
[BlackTeam "Beijing"]
[WhiteTeamCountry "CHN"]
[BlackTeamCountry "CHN"]

1. e4 e6 2. d4 d5 3. e5 c5 4. c3 Nc6 5. Nf3 Bd7 6. Be2 Nge7 7. 0-0 Nf5 8. dxc5 Bxc5 9. Bd3 Nh4 10. Nbd2 f5 11. c4 Nxf3+ 12. Nxf3 d4 13. a3 a5 14. b3 0-0 15. Qe2 Qe7 16. Ne1 g5 17. Nc2 Qg7 18. Re1 f4 19. Bd2 f3 20. Qe4 fxg2 21. Bxg5 Be7 22. Bxe7 Nxe7 23. Nxd4 Nf5 24. Nxf5 Rxf5 25. Qxb7 Rff8 26. Qxg2 Rab8 27. Rab1 Rf4 28. Qxg7+ Kxg7 29. Re4 Rf3 30. Rd4 Bc6 31. b4 Rh3 32. Rg4+ Kf7 33. Rg3 Rxg3+ 34. hxg3 Rd8 35. Rb3 h5 36. b5 Ba8 37. f4 Rd4 38. Kf2 h4 39. Ke3 Rxd3+ 40. Rxd3 h3 41. Rd2 1-0

[Event "Titled Tuesday intern op 01st Apr Early"]
[Site "Chess.com INT"]
[Date "2025.04.01"]
[Round "10"]
[White "Xiao, Tong"]
[Black "Ibarra Jerez, Jose Carlos"]
[Result "1-0"]
[WhiteElo "2491"]
[BlackElo "2559"]
[PlyCount "103"]
[EventDate "2025.04.01"]
[EventType "swiss (blitz)"]
[EventRounds "11"]
[EventCountry "USA"]
[SourceTitle "CB15_2025"]
[SourceDate "2025.04.09"]
[SourceVersion "1"]
[SourceVersionDate "2025.04.09"]
[SourceQuality "1"]

1. e4 c5 2. Nf3 Nc6 3. c3 Nf6 4. e5 Nd5 5. d4 cxd4 6. Bc4 Nb6 7. Bb3 g6 8. cxd4 Bg7 9. 0-0 0-0 10. a4 d5 11. h3 Bf5 12. Nc3 Na5 13. Ba2 Rc8 14. Qe2 a6 15. Bg5 f6 16. Bf4 g5 17. Bg3 Kh8 18. Rfe1 Nac4 19. Rac1 Qd7 20. b3 Na5 21. b4 Nc6 22. a5 Nxb4 23. axb6 Nd3 24. Qd2 Nxc1 25. Rxc1 Be6 26. exf6 exf6 27. Bc7 Rg8 28. Re1 Bf7 29. Bb3 Bf8 30. Nh2 Bd6 31. Ng4 Bxc7 32. bxc7 Rg6 33. Bc2 Qxc7 34. Bxg6 hxg6 35. Ne2 Kg7 36. Rc1 Qd8 37. h4 Be6 38. Rxc8 Qxc8 39. Ne3 gxh4 40. Nf4 Qc6 41. Nxe6+ Qxe6 42. Qa5 Qc6 43. Nxd5 Qc4 44. Ne3 Qxd4 45. Qc7+ Kh6 46. Qxb7 Qa1+ 47. Kh2 Qe5+ 48. Kh3 Qf4 49. Ng4+ Kg5 50. Qd5+ f5 51. Qd8+ Kh5 52. Qxh4# 1-0

[Event "China zt 3.5"]
[Site "Jiangxi"]
[Date "2025.03.27"]
[Round "6"]
[White "Yang, Zilong"]
[Black "Xiao, Tong"]
[Result "0-1"]
[WhiteElo "2337"]
[BlackElo "2491"]
[PlyCount "80"]
[EventDate "2025.03.22"]
[EventType "swiss"]
[EventRounds "9"]
[EventCountry "CHN"]
[SourceTitle "CB14_2025"]
[SourceDate "2024.11.01"]
[SourceVersion "1"]
[SourceVersionDate "2024.11.01"]
[SourceQuality "1"]

1. e4 c5 2. Nf3 d6 3. d4 cxd4 4. Nxd4 Nf6 5. Nc3 a6 6. Be2 e5 7. Nb3 Be7 8. Be3 Be6 9. Nd5 Nbd7 10. Qd3 Bxd5 11. exd5 Rc8 12. c4 a5 13. Rc1 0-0 14. 0-0 g6 15. h3 Ne8 16. Rfd1 b6 17. Nd2 f5 18. f3 Nc5 19. Qa3 Bg5 20. Rc2 Ng7 21. Bf2 Nh5 22. Nf1 Qe7 23. g3 Ng7 24. Qc3 h5 25. Qe1 Rce8 26. b3 Kh7 27. Kg2 Qd8 28. Nd2 h4 29. g4 e4 30. fxe4 fxe4 31. Bxc5 bxc5 32. Nf1 Rf4 33. Kg1 Ref8 34. Ne3 Qf6 35. Ng2 Rf2 36. Bd3 Rxg2+ 37. Rxg2 Qd4+ 38. Kh1 exd3 39. Qg1 Be3 40. Qh2 Rf3 0-1

[Event "China zt 3.5"]
[Site "Jiangxi"]
[Date "2025.03.26"]
[Round "5"]
[White "Xiao, Tong"]
[Black "Meng, Yihan"]
[Result "1/2-1/2"]
[WhiteElo "2491"]
[BlackElo "2412"]
[PlyCount "98"]
[EventDate "2025.03.22"]
[EventType "swiss"]
[EventRounds "9"]
[EventCountry "CHN"]
[SourceTitle "CB14_2025"]
[SourceDate "2024.11.01"]
[SourceVersion "1"]
[SourceVersionDate "2024.11.01"]
[SourceQuality "1"]

1. e4 e5 2. Nf3 Nf6 3. Nxe5 d6 4. Nf3 Nxe4 5. Nc3 Nxc3 6. dxc3 Be7 7. Be3 0-0 8. Qd2 Nd7 9. 0-0-0 Nf6 10. Bd3 Re8 11. Rhe1 Bg4 12. Bg5 Qd7 13. a3 Bf5 14. Nd4 Bxd3 15. Qxd3 Ne4 16. Bxe7 Qxe7 17. f3 Qg5+ 18. Kb1 Nc5 19. Qb5 c6 20. Rxe8+ Rxe8 21. Qa5 Qxg2 22. Qxa7 h5 23. b4 Ne6 24. Qxb7 Nxd4 25. Rxd4 Qxf3 26. Kb2 Re2 27. Qb8+ Kh7 28. Qxd6 Qg2 29. Kb3 Rxc2 30. Rc4 Rb2+ 31. Ka4 Qc2+ 32. Ka5 Ra2 33. Rxc6 Rxa3+ 34. Kb6 Qa4 35. c4 Qa8 36. Qd7 Qb8+ 37. Kc5 Qe5+ 38. Qd5 Qe7+ 39. Kb5 g6 40. Ra6 Qe8+ 41. Kb6 Rxa6+ 42. Kxa6 Qa4+ 43. Qa5 Qc6+ 44. Ka7 Qxc4 45. b5 Qc5+ 46. Qb6 Qe7+ 47. Ka6 f5 48. Qd4 Qa3+ 49. Kb7 Qe7+ 1/2-1/2

[Event "China zt 3.5"]
[Site "Jiangxi"]
[Date "2025.03.24"]
[Round "3"]
[White "Xiao, Tong"]
[Black "Wu, Yixing"]
[Result "1/2-1/2"]
[WhiteElo "2491"]
[BlackElo "2406"]
[PlyCount "56"]
[EventDate "2025.03.22"]
[EventType "swiss"]
[EventRounds "9"]
[EventCountry "CHN"]
[SourceTitle "CB14_2025"]
[SourceDate "2024.11.01"]
[SourceVersion "1"]
[SourceVersionDate "2024.11.01"]
[SourceQuality "1"]

1. e4 e5 2. Nf3 Nc6 3. Bc4 Bc5 4. c3 Nf6 5. d3 d6 6. 0-0 0-0 7. Re1 h6 8. b4 Bb6 9. a4 a5 10. b5 Ne7 11. Nbd2 Ng6 12. h3 Re8 13. Qb3 Qe7 14. d4 Be6 15. Ba3 Qd7 16. dxe5 Nxe5 17. Nxe5 dxe5 18. Nf3 Bxh3 19. Bxf7+ Kh8 20. Nh4 Qg4 21. c4 Bxf2+ 22. Kxf2 Qxh4+ 23. Kg1 Nxe4 24. Qe3 Bxg2 25. Kxg2 Qg4+ 26. Kh1 Qh4+ 27. Kg2 Qg4+ 28. Kh1 Qh4+ 1/2-1/2

[Event "Wch U20 62nd"]
[Site "Petrovac"]
[Date "2025.03.06"]
[Round "10"]
[White "Xiao, Tong"]
[Black "Nainys, Zanas1"]
[Result "1-0"]
[WhiteElo "2491"]
[BlackElo "2332"]
[PlyCount "51"]
[EventDate "2025.02.25"]
[EventType "swiss"]
[EventRounds "11"]
[EventCountry "MNE"]
[SourceTitle "CB11_2025"]
[SourceDate "2025.03.12"]
[SourceVersion "1"]
[SourceVersionDate "2025.03.12"]
[SourceQuality "1"]

1. e4 e5 2. Nf3 Nf6 3. Nxe5 Nxe4 4. Qe2 Qe7 5. Qxe4 d6 6. d4 dxe5 7. dxe5 Nc6 8. Bb5 Bd7 9. Nc3 0-0-0 10. Bf4 Qb4 11. 0-0-0 Qxe4 12. Nxe4 Nxe5 13. Bxd7+ Nxd7 14. Ng5 Be7 15. h4 Rde8 16. Rh3 h6 17. Rc3 Bc5 18. Nxf7 Rhf8 19. Nd6+ cxd6 20. Bxd6 Rxf2 21. b4 Rxg2 22. bxc5 Re6 23. c6 bxc6 24. Rxc6+ Kd8 25. Bc7+ Ke7 26. Bd8+ 1-0

[Event "Wch U20 62nd"]
[Site "Petrovac"]
[Date "2025.02.27"]
[Round "3"]
[White "Xiao, Tong"]
[Black "Cesar Maestre, Bernardo"]
[Result "1/2-1/2"]
[WhiteElo "2491"]
[BlackElo "2359"]
[PlyCount "73"]
[EventDate "2025.02.25"]
[EventType "swiss"]
[EventRounds "11"]
[EventCountry "MNE"]
[SourceTitle "CB11_2025"]
[SourceDate "2025.03.12"]
[SourceVersion "1"]
[SourceVersionDate "2025.03.12"]
[SourceQuality "1"]

1. e4 c5 2. Nf3 d6 3. Nc3 Nf6 4. Be2 e5 5. Bc4 Be7 6. d3 0-0 7. Bg5 Nc6 8. Bxf6 Bxf6 9. Nd5 Be6 10. c3 Rb8 11. a4 Bg5 12. h3 Bh6 13. Nh2 g6 14. Ng4 Bg7 15. Qd2 f5 16. exf5 gxf5 17. Nh6+ Kh8 18. g4 Qh4 19. Nxf5 Bxf5 20. gxf5 Rxf5 21. Ne3 Bh6 22. Qe2 Bxe3 23. Qxe3 Rbf8 24. 0-0-0 Qxf2 25. Qe4 Rg5 26. Rd2 Rg1+ 27. Kc2 Rxh1 28. Qxh1 Qf3 29. Qxf3 Rxf3 30. Bd5 Rf4 31. b3 Rf8 32. Rg2 Nd8 33. a5 b6 34. h4 Nf7 35. Rf2 Kg7 36. Rg2+ Kh8 37. Rf2 1/2-1/2

[Event "Wch U20 62nd"]
[Site "Petrovac"]
[Date "2025.02.25"]
[Round "1"]
[White "Xiao, Tong"]
[Black "Hommadov, Amanmuhammet"]
[Result "1-0"]
[WhiteElo "2491"]
[BlackElo "2265"]
[PlyCount "103"]
[EventDate "2025.02.25"]
[EventType "swiss"]
[EventRounds "11"]
[EventCountry "MNE"]
[SourceTitle "CB11_2025"]
[SourceDate "2025.03.12"]
[SourceVersion "1"]
[SourceVersionDate "2025.03.12"]
[SourceQuality "1"]

1. d4 Nf6 2. c4 c5 3. Nf3 cxd4 4. Nxd4 Nc6 5. g3 g6 6. Bg2 Bg7 7. 0-0 0-0 8. Nc3 d6 9. Nxc6 bxc6 10. Bxc6 Rb8 11. Bg2 Qa5 12. Nb5 Bb7 13. Qe1 Qxe1 14. Rxe1 Bxg2 15. Kxg2 Rfc8 16. Na3 d5 17. cxd5 Nxd5 18. Rd1 Nb4 19. Bf4 Rb7 20. Nc4 h6 21. Rdc1 Nd5 22. Bd2 Rbc7 23. Ne3 Nxe3+ 24. Bxe3 Rc2 25. Rxc2 Rxc2 26. Rc1 Rxb2 27. Rc8+ Kh7 28. a4 Rxe2 29. Bxa7 Ra2 30. Rc4 Ba1 31. Bb6 Ra3 32. Bc5 Ra2 33. Bxe7 Kg7 34. Bc5 Kf6 35. Bb6 h5 36. a5 Ke6 37. h4 f6 38. Rc8 Kf5 39. Ra8 Ra4 40. Rd8 Be5 41. Ra8 Bd4 42. Bxd4 Rxd4 43. a6 Ra4 44. f3 Ra1 45. a7 Ra6 46. Kf2 Ra3 47. Ke2 Ra6 48. Kd3 Ra1 49. Kd4 Ra2 50. Kc5 Ra1 51. Kd6 Ra3 52. Rc8 1-0

[Event "Chessable Masters Play In"]
[Site "Chess.com INT"]
[Date "2025.02.17"]
[Round "2"]
[White "Svidler, Peter"]
[Black "Xiao, Tong"]
[Result "1-0"]
[WhiteElo "2696"]
[BlackElo "2491"]
[PlyCount "53"]
[EventDate "2025.02.17"]
[EventType "swiss (blitz)"]
[EventRounds "9"]
[EventCountry "USA"]
[SourceTitle "CB08_2025"]
[SourceDate "2025.02.19"]
[SourceVersion "1"]
[SourceVersionDate "2025.02.19"]
[SourceQuality "1"]

1. e4 c5 2. Nf3 Nc6 3. Bb5 Nf6 4. Bxc6 dxc6 5. d3 g6 6. h3 Bg7 7. 0-0 0-0 8. Re1 Qc7 9. e5 Nd5 10. c4 Nb6 11. Nc3 Bf5 12. g4 Be6 13. Qe2 Nd7 14. Bf4 Rfd8 15. Bg3 Nf8 16. Ne4 b6 17. Rad1 Rd7 18. Nf6+ Bxf6 19. exf6 Qd8 20. Ne5 Rd6 21. Qf3 exf6 22. Nxc6 Rxc6 23. Qxc6 Rc8 24. Qd6 Qe8 25. d4 cxd4 26. Qxd4 Nd7 27. Rxe6 1-0

[Event "Chessable Masters Play In"]
[Site "Chess.com INT"]
[Date "2025.02.17"]
[Round "7"]
[White "Xiao, Tong"]
[Black "Suyarov, Mukhammadzokhid"]
[Result "0-1"]
[WhiteElo "2491"]
[BlackElo "2465"]
[PlyCount "118"]
[EventDate "2025.02.17"]
[EventType "swiss (blitz)"]
[EventRounds "9"]
[EventCountry "USA"]
[SourceTitle "CB08_2025"]
[SourceDate "2025.02.19"]
[SourceVersion "1"]
[SourceVersionDate "2025.02.19"]
[SourceQuality "1"]

1. Nf3 Nf6 2. g3 d5 3. c4 e6 4. Bg2 Be7 5. 0-0 0-0 6. d4 dxc4 7. Qc2 a6 8. a4 Bd7 9. Qxc4 Bc6 10. Bf4 Nbd7 11. Nc3 Bd6 12. Qd3 Qe7 13. Bxd6 cxd6 14. e4 d5 15. e5 Ne4 16. h4 Rfc8 17. Rfe1 Nb6 18. a5 Nxc3 19. Qxc3 Bb5 20. Qb3 Nc4 21. Ng5 Rc6 22. Red1 Rac8 23. Qa2 b6 24. axb6 Nxb6 25. Qb1 g6 26. b3 Qb4 27. h5 Be2 28. hxg6 hxg6 29. Re1 Rc2 30. Nxe6 Bb5 31. Qd1 fxe6 32. Qg4 Kf7 33. Re3 R8c3 34. Rae1 Bd3 35. Qh3 Bf5 36. g4 Be4 37. Qh7+ Ke8 38. Bxe4 dxe4 39. Qxg6+ Kd7 40. Qxe4 Nd5 41. Rxc3 Rxc3 42. Ra1 a5 43. Qh7+ Ne7 44. Qe4 Rxb3 45. Kg2 Rb2 46. Qa8 Qxd4 47. Qf3 Nd5 48. Qf7+ Kc6 49. Qxe6+ Kc5 50. Rxa5+ Kb4 51. Qd6+ Kxa5 52. Qa3+ Kb5 53. Qg3 Ne3+ 54. Kh3 Nc4 55. g5 Qxe5 56. f4 Qe1 57. Kh4 Qxg3+ 58. Kxg3 Rb3+ 59. Kg4 Nd6 0-1

[Event "Chessable Masters Play In"]
[Site "Chess.com INT"]
[Date "2025.02.17"]
[Round "5"]
[White "Xiao, Tong"]
[Black "Yang, Kaiqi"]
[Result "1-0"]
[WhiteElo "2491"]
[BlackElo "2481"]
[PlyCount "87"]
[EventDate "2025.02.17"]
[EventType "swiss (blitz)"]
[EventRounds "9"]
[EventCountry "USA"]
[SourceTitle "CB08_2025"]
[SourceDate "2025.02.19"]
[SourceVersion "1"]
[SourceVersionDate "2025.02.19"]
[SourceQuality "1"]

1. c4 e6 2. Nc3 d5 3. d4 a6 4. cxd5 exd5 5. Nf3 h6 6. Bf4 Nf6 7. e3 Bd6 8. Bd3 0-0 9. Bxd6 Qxd6 10. Ne5 c5 11. 0-0 c4 12. Bc2 Nc6 13. f4 b5 14. Qf3 b4 15. Ne2 Rb8 16. g4 b3 17. axb3 Nb4 18. Bb1 cxb3 19. g5 Ne4 20. Bxe4 dxe4 21. Qg3 Bf5 22. Kh1 h5 23. Qh4 g6 24. Ng3 Qe6 25. Ra5 Rb5 26. Rxb5 axb5 27. Rc1 Nc2 28. Nxf5 Qxf5 29. Qg3 Ra8 30. Kg2 Ra2 31. d5 Rxb2 32. d6 Qe6 33. d7 Qd5 34. Kh3 Ra2 35. f5 Ra8 36. Qf4 b2 37. Rxc2 b1Q 38. Rc8+ Kg7 39. d8Q Qxd8 40. Rxd8 Ra3 41. f6+ Kh7 42. Nxf7 Rxe3+ 43. Qxe3 Qf1+ 44. Kh4 1-0

[Event "Chessable Masters Play In"]
[Site "Chess.com INT"]
[Date "2025.02.17"]
[Round "4"]
[White "Xiao, Tong"]
[Black "Zhukova, Natalia"]
[Result "1-0"]
[WhiteElo "2491"]
[BlackElo "2306"]
[PlyCount "65"]
[EventDate "2025.02.17"]
[EventType "swiss (blitz)"]
[EventRounds "9"]
[EventCountry "USA"]
[SourceTitle "CB08_2025"]
[SourceDate "2025.02.19"]
[SourceVersion "1"]
[SourceVersionDate "2025.02.19"]
[SourceQuality "1"]

1. d4 d5 2. c4 e6 3. Nc3 Nf6 4. cxd5 exd5 5. Bg5 c6 6. e3 Bd6 7. Bd3 0-0 8. Nge2 a5 9. Qc2 h6 10. Bf4 Na6 11. a3 Nc7 12. 0-0 Re8 13. Rae1 Ne6 14. Bxd6 Qxd6 15. f3 b5 16. Ng3 g6 17. Bxg6 fxg6 18. Qxg6+ Ng7 19. Nh5 Nfxh5 20. Qxd6 Re6 21. Qd8+ Kh7 22. Qh4 Rg6 23. e4 Be6 24. Kh1 b4 25. Na4 Rf8 26. Nc5 Rf4 27. g4 dxe4 28. Rxe4 Bd5 29. gxh5 Rxh4 30. hxg6+ Kxg6 31. Rxh4 Nf5 32. Rg1+ Kh7 33. Rf4 1-0

[Event "Titled Tuesday intern op 04th Feb Early"]
[Site "Chess.com INT"]
[Date "2025.02.04"]
[Round "3"]
[White "Bowcott Terry, Finlay"]
[Black "Xiao, Tong"]
[Result "0-1"]
[WhiteElo "2199"]
[BlackElo "2491"]
[PlyCount "72"]
[EventDate "2025.02.04"]
[EventType "swiss (blitz)"]
[EventRounds "11"]
[EventCountry "USA"]
[SourceTitle "CB07_2025"]
[SourceDate "2025.02.12"]
[SourceVersion "1"]
[SourceVersionDate "2025.02.12"]
[SourceQuality "1"]

1. e4 d6 2. d4 Nf6 3. Nc3 g6 4. Bg5 Bg7 5. e5 Nfd7 6. f4 f6 7. Bh4 0-0 8. Nf3 e6 9. Bc4 d5 10. Be2 c5 11. 0-0 Nc6 12. Nb5 cxd4 13. Nbxd4 Nxd4 14. Nxd4 Qe8 15. Bg4 Nc5 16. exf6 Bxf6 17. Bxf6 Rxf6 18. Qe2 Ne4 19. g3 e5 20. fxe5 Qxe5 21. c3 Bxg4 22. Qxg4 Raf8 23. Rxf6 Qxf6 24. Qe2 Qf2+ 25. Qxf2 Rxf2 26. Rb1 a6 27. a4 h5 28. a5 g5 29. Ne6 Rd2 30. Nd8 h4 31. gxh4 gxh4 32. h3 Ng5 33. Nxb7 Nxh3+ 34. Kh1 Kh7 35. b4 Ng5 36. b5 Nf3 0-1